Géographie universelle / (Record no. 125513)
[ view plain ]
| 000 -LEADER | |
|---|---|
| campo de control de longitud fija | 01872nam a22002411 4500 |
| 001 - NÚMERO DE CONTROL | |
| campo de control | 125513 |
| 003 - IDENTIFICADOR DE NÚMERO DE CONTROL | |
| campo de control | ES-MaACL |
| 005 - FECHA Y HORA DE LA ÚLTIMA TRANSACCIÓN | |
| campo de control | 20250927101137.0 |
| 007 - CAMPO FIJO DE DESCRIPCIÓN FÍSICA--INFORMACIÓN GENERAL | |
| campo de control de longitud fija | t| |
| 008 - DATOS DE LONGITUD FIJA--INFORMACIÓN GENERAL | |
| campo de control de longitud fija | 070614m19271939fr ||||0| fre d |
| 080 ## - NÚMERO DE LA CLASIFICACIÓN DECIMAL UNIVERSAL | |
| Número de la Clasificación Decimal Universal | 913(100) |
| 245 00 - MENCIÓN DEL TÍTULO | |
| Título | Géographie universelle / |
| Mención de responsabilidad, etc. | publiée sous la direction de P. Vidal de la Blache et L[ucien] Gallois. |
| 260 ## - PUBLICACIÓN, DISTRIBUCIÓN, ETC. | |
| Lugar de publicación, distribución, etc. | Paris ; |
| -- | [Coulommiers : |
| Nombre del editor, distribuidor, etc. | Armand Colin, |
| Fecha de publicación, distribución, etc. | 1927-1939. |
| 300 ## - DESCRIPCIÓN FÍSICA | |
| Extensión | 16 v. : |
| Otras características físicas | il., mapas ; |
| Dimensiones | 28 cm. |
| 500 ## - NOTA GENERAL | |
| Nota general | Faltan los v. 11-13. |
| 505 8# - NOTA DE CONTENIDO CON FORMATO | |
| Nota de contenido con formato | Contiene: I. Les Iles Britaniques / A. Demangeon, 1927 - II. Belgique ; Pays Bas ; Luxembourg / A. Demangeon, 1927 - III. Etats scandinaves ; Regions polaires boreales / Maurice Zimmermann, 1933 - IV. Europe centrale / Emm. de Martonne, 2 v., 1ère. partie: Generalités . Allemagne, 1930 ; 2ème. partie: Suisse-Autriche-Hongrie-Tchecoslovaquie-Pologne-Romanie, 1931 - V. Etats de la Battique ; Russie / P. Camena d'Almeida - VI. La France ; France physique / Emm. de Martonne, 1942 - VII. Mediterránee ; Peninsules mediterránes, 1e. partie: Generalitès / Max Lorre; Jules Sion . Espagne-Portugal / Max Lorre, 1934 ; 2e. partie: Italie / Jules Sion . Pays Balkaniques / Y. Chataigneau; Jules Sion, 1934 - VIII. Asie occidentale / R. Blanchard . Haute Asie / Fernand Grenard, 1929 - IX. Asie des Moussons / J. Sion, 2 v. ; 1ere. partie: Généralites-Chine-Japon, 1928 ; 2e. partie: Inde-Indochine-Insuhide, 1929 - X. Océanie / Paul Privat Deschauel . Regions polaires australes / Maurice Zimmermann, 1930 - XIV. Mexique-Amerique centrale / Max Lorre, 1928 - XV. Amerique du sud / P. Denis, 2 v., 1927 |
| 650 #7 - PUNTO DE ACCESO ADICIONAL DE MATERIA--TÉRMINO DE MATERIA | |
| Término de materia o nombre geográfico como elemento de entrada | Geografía |
| Fuente del encabezamiento o término | embne |
| 9 (RLIN) | 13070 |
| 700 1# - ENTRADA AGREGADA--NOMBRE PERSONAL | |
| Nombre de persona | Vidal de La Blache, Paul. |
| 9 (RLIN) | 114479 |
| 700 1# - ENTRADA AGREGADA--NOMBRE PERSONAL | |
| Nombre de persona | Gallois, Lucien. |
| 9 (RLIN) | 53643 |
| 700 1# - ENTRADA AGREGADA--NOMBRE PERSONAL | |
| Nombre de persona | Camena d'Almeida, Pierre, |
| Fechas asociadas al nombre | 1865-1943 |
| 9 (RLIN) | 34052 |
| 852 ## - LOCALIZACIÓN | |
| Ubicación | ES-MaACL |
| Número de control de estantería | C-29307-22 |
| Estatus retirado | Estado de pérdida | Estado de daño | No para préstamo | Biblioteca de origen | Biblioteca actual | Ubicación en estantería | Fecha de adquisición | Fuente de adquisición | Total de préstamos | Signatura topográfica completa | Código de barras | Visto por última vez | Precio de reemplazo | Tipo de ítem Koha |
|---|---|---|---|---|---|---|---|---|---|---|---|---|---|---|
| Biblioteca del Ateneo de Madrid | Biblioteca del Ateneo de Madrid | Depósito 2 | 17/01/2008 | C-29307-22 | 1130752 | 23/02/2023 | 23/02/2023 | Libro impreso |
